تحميل...

Marxism : philosophy and economics

التفاصيل البيبلوغرافية
المؤلف الرئيسي: Sowell, Thomas
التنسيق: Printed Book
منشور في: Routledge, New Delhi 2018
الموضوعات:
LEADER 00417nam a2200157 4500
082
100 |a Sowell, Thomas 
245 |a Marxism : philosophy and economics  |c Sowell, Thomas 
250
260 |a Routledge, New Delhi  |c 2018 
300
490
650 |a Marxian systems--Socialism--Economics 
942 |c BK 
999 |c 193078  |d 193078 
952 |0 0  |1 0  |4 0  |7 0  |9 206427  |a ISL  |b ISL  |l 0  |p ISL06943  |r 2019-10-28  |w 2019-10-28  |y BK